Statistiques concernant [Football] 100 plus gros transferts hivernaux.

Cliquez ici pour prendre le quiz!

Statistiques générales

  • Ce quiz a été pris 517 fois
  • Le résultat moyen est 22 sur 101

Statistiques - réponses

RangSaisonClub de départClub d'arrivéeMontantRéponse% Correct
117/18LiverpoolBarcelone135 MPhilippe Coutinho
98%
217/18SouthamptonLiverpool84.65 MVirgil Van Dijk
93%
321/22FiorentinaJuventus81.6 MDušan Vlahović
87%
719/20Sporting CPManchester United63 MBruno Fernandes
79%
417/18AthleticManchester City65 MAymeric Laporte
77%
816/17ChelseaShanghai SIPG60 MOscar
74%
617/18Borussia DortmundArsenal63.75 MPierre-Emerick Aubameyang
74%
518/19Borussia DortmundChelsea64 MChristian Pulisic
70%
1121/22Manchester CityBarcelone55 MFerran Torres
70%
1321/22FC PortoLiverpool47 MLuis Diaz
65%
1521/22Olympique LyonnaisNewcastle United42.1 MBruno Guimarães
57%
1010/11LiverpoolChelsea58.5 MFernando Torres
55%
2416/17WolfsbourgParis Saint-Germain36 MJulian Draxler
54%
1918/19Zenit Saint-PetersbourgParis Saint-Germain40 MLeandro Paredes
53%
1618/19BarceloneGuangzhou Evergrande42 MPaulinho
51%
1912/13São PauloParis Saint-Germain40 MLucas Moura
48%
817/18ChelseaAtlético Madrid60 MDiego Costa
43%
2218/19FlamengoMilan AC38.4 MLucas Paquetá
39%
4216/17West Ham UnitedOlympique Marseille29.3 MDimitri Payet
37%
2917/18ArsenalManchester United34 MAlexis Sánchez
35%
1413/14ChelseaManchester United44.73 MJuan Mata
32%
4417/18Paris Saint GermainTottenham28.4 MLucas Moura
32%
4919/20Olympique LyonnaisHertha BSC25 MLucas Tousart
32%
3216/17PalmeirasManchester City32 MGabriel Jesus
31%
1810/11Newcastle UnitedLiverpool41 MAndy Carroll
30%
1917/18VillarrealBeijing Gouan40 MCédric Bakambu
30%
3616/17BenficaParis Saint Germain30 MGonçalo Guedes
28%
2917/18Manchester UnitedArsenal34 MHenrikh Mkhitaryan
27%
2518/19GenoaMilan AC35 MKrzysztof Piatek
25%
4913/14Newcastle UnitedParis Saint-Germain25 MYohan Cabaye
24%
8819/20Girondins de BordeauxAS Monaco18 MAurélien Tchouameni
23%
3114/15Swansea CityManchester City32.3 MWilfried Bony
23%
3621/22EvertonAston Villa30 MLucas Digne
22%
4810/11AjaxLiverpool26.5 MLuis Suárez
22%
3619/20PSV EindhovenTottenham30 MSteven Bergwijn
22%
2310/11WolfsbourgManchester City37 MEdin Dzeko
21%
1615/16Atlético MadridGuangzhou Evergrande42 MJackson Martinez
20%
3617/18Atlético MadridDL Yifang30 MYannick Carrasco
20%
4619/20TottenhamInter27 MChristian Eriksen
19%
3621/22BurnleyNewcastle United30 MChris Wood
18%
4319/20Dinamo ZagrebRB Leipzig29 MDani Olmo
18%
6913/14ChelseaWolfsbourg22 MKevin De Bruyne
18%
5619/20Milan ACHertha Berlin24 MKrzysztof Piatek
18%
7819/20Athletico-PROlympique Lyonnais20 MBruno Guimarães
17%
7819/20RB SalzbourgBorussia Dortmund20 MErling Haaland
17%
4515/16ChelseaJS Suning28 MRamires
14%
3619/20FlamengoReal Madrid30 MReinier
14%
6520/21West Ham UnitedAjax22.5 MSébastien Haller
14%
3214/15ChelseaWolfsbourg32 MAndré Schürrle
13%
4910/11BenficaChelsea25 MDavid Luiz
13%
3514/15FiorentinaChelsea31 MJuan Cuadrado
13%
7819/20Borussia DortmundBenfica20 MJulian Weigl
13%
6119/20Borussia DortmundVillareal23 MPaco Alcácer
13%
8821/22Juventus TurinTottenham19 MRodrigo Bentancur
13%
6517/18BesiktasEverton22.5 MCenk Tosun
11%
5618/19AtlantaNewcastle United24 MMiguel Almirón
11%
5821/22Dynamo KievEverton23.5 MVitaliy Mykolenko
10%
7220/21AtalantaManchester United21.3 MAmad Diallo
9%
4608/09AjaxReal Madrid27 MKlaas-Jan Huntelaar
9%
8819/20CD LeganésBarcelone18 MMartin Braithwaite
9%
6116/17Manchester UnitedEverton23 MMorgan Schneiderlin
9%
6920/21RB SalzbourgRB Leipzig22 MDominik Szoboszlai
8%
3217/18Real SociedadAthletic32 MIñigo Martínez
8%
2512/13Shakhtar DonetskAnzhi35 MWillian
8%
1215/16Shakhtar DonetskJS Suning50 MAlex Teixeira
7%
5515/16PortoStoke City24.25 MGiannelli Imbula
7%
7818/19NapoliDalian Yifang20 MMarek Hamsik
7%
4913/14BenficaChelsea25 MNemanja Matić
7%
6517/18
Arsenal
Everton22.5 MTheo Walcott
7%
7418/19LiverpoolBournemouth21.2 MDominic Solanke
6%
6020/21BrentfordWest Ham United23.1 MSaïd Benrahma
6%
7519/20Celta VigoNaples21 MStanislav Lobotka
6%
7816/17Zenit Saint-PetersbourgTianjin Quanjian20 MAxel Witsel
5%
2519/20Atalanta BCJuventus35 MDejan Kulusevski
5%
7812/13Manchester CityMilan AC20 MMario Balotelli
5%
8807/08BoltonChelsea18 MNicolas Anelka
5%
6119/20GenkSheffield United23 MSander Berge
5%
6417/18West Ham UnitedSwansea City22.8 MAndré Ayew
4%
7706/07Boca JuniorsReal Madrid20.5 MFernando Gago
4%
8819/20RB LeipzigHertha Berlin18 MMatheus Cunha
4%
6519/20
Benfica
Espanyol22.5 MRaúl de Tomás
4%
7817/18AS RomaChelsea20 MEmerson
3%
7219/20Hull CityWest Ham United21.3 MJarrod Bowen
3%
5916/17WatfordChangChun Yatai23.3 MOdion Ighalo
3%
2518/19PortimonenseAl-Duhail35 MShoya Nakajima
3%
8818/19RB SalzbourgRB Leipzig19 MAmadou Haidara
2%
4914/15BenficaValence25 MEnzo Pérez
2%
8619/20Hellas VeronaFiorentina19.5 MSofyan Amrabat
2%
8718/19BenficaGuangzhou Evergrande19.2 MTalisca
2%
7819/20LéganesSeville20 MYoussef En-Nesyri
2%
7110/11SunderlandAston Villa21.5 MDarren Bent
1%
8807/08Boca JuniorsFC Valencia18 MÉver Banega
1%
8815/16AS RomaHebei CFFC18 MGervinho
1%
8813/14Lazio RomeInter18 MHernanes
1%
8808/09Hambourg SVManchester City18 MNigel de Jong
1%
4921/22InternacionalZenit Saint-Petersbourg25 MYuri Alberto
1%
8811/12AnzhiDynamo Moscou19 MBalázs Dzsudzsák
0%
8810/11SampdoriaInter Milan18 MGiampaolo Pazzini
0%
7518/19Atletico MadridWolverhampton21 MJonny Otto
0%
8816/17GenoaNapoli18 MLeonardo Pavoletti
0%
8813/14Rubin KazanZenith Saint-Petersbourg18 MSalomón Rondón
0%

Distribution des résultats

Percentile par nombre de réponses

% des personnes avec chaque résultat

Votre développement - résultats

Vous n’avez pas pris ce quiz